Bài tập toán cao cấp

Trình bày lời giải của các bài tập toán cao cấp, phép tính giải tích nhiều biến số trong cuốn toán học cao cấp tập 3.

Wedi'i Gadw mewn:
Manylion Llyfryddiaeth
Prif Awdur: Nguyễn, Đình Trí
Fformat: Llyfr
Iaith:Undetermined
Cyhoeddwyd: Hà Nội Giáo dục 2006
Pynciau:
Tagiau: Ychwanegu Tag
Dim Tagiau, Byddwch y cyntaf i dagio'r cofnod hwn!
Thư viện lưu trữ: Trung tâm Học liệu Trường Đại học Cần Thơ
LEADER 01103nam a2200217Ia 4500
001 CTU_122690
008 210402s9999 xx 000 0 und d
020 |c 25600 
082 |a 515.64076 
082 |b Tr300/T.3 
100 |a Nguyễn, Đình Trí 
245 0 |a Bài tập toán cao cấp 
245 0 |c Nguyễn Đình Trí (chủ biên), Tạ Văn Đĩnh, Nguyễn Hồ Quỳnh 
260 |a Hà Nội 
260 |b Giáo dục 
260 |c 2006 
520 |a Trình bày lời giải của các bài tập toán cao cấp, phép tính giải tích nhiều biến số trong cuốn toán học cao cấp tập 3. 
650 |a Mathematical analysis,Giải tích toán học,Calculus of variations,Phép tính về biến số 
650 |x Problems, exercises, etc,Câu hỏi, bài tập, v.v...,Problems, exercises, etc,Câu hỏi, bài tập, v.v... 
904 |i Giang, Mai chuyển số PL từ 515 thành 515.64076 dành cho cả bộ bài tập 
980 |a Trung tâm Học liệu Trường Đại học Cần Thơ